[Event "Catarinense-ch 28th"]
[Site "Balneario Camboriu"]
[Date "2002.11.30"]
[Round "4"]
[White "Dos Santos, Haroldo Cunha Jr"]
[Black "Miranda, Luis"]
[Result "1-0"]
[WhiteElo "2279"]
[BlackElo "1800"]
[PlyCount "43"]
[EventDate "2002.11.??"]
[EventType "swiss"]
[EventRounds "7"]
[EventCountry "BRA"]
[SourceTitle "EXT 2006"]
[Source "ChessBase"]
[SourceDate "2005.11.24"]
[SourceVersion "1"]
[SourceVersionDate "2005.11.24"]
[SourceQuality "1"]

1. Nf3 Nf6 2. g3 g6 3. Bg2 Bg7 4. 0-0 0-0 5. c4 c5 6. d4 d6 7. Nc3 Nc6 8. h3 Bd7 9. Be3 cxd4 10. Nxd4 Rc8 11. b3 Ne8 12. Qd2 a6 13. Rac1 e5 14. Nc2 f5 15. Nd5 Nf6 16. Rfd1 Nh5 17. Bb6 Qe8 18. Nc7 Qe7 19. Qxd6 Qxd6 20. Rxd6 Be8 21. Nxe8 Rfxe8 22. Rd8 1-0

[Event "Catarinense-ch 28th"]
[Site "Balneario Camboriu"]
[Date "2002.11.29"]
[Round "3"]
[White "Miranda, Luis"]
[Black "Bertoli, Eduardo Zini"]
[Result "1-0"]
[WhiteElo "1800"]
[BlackElo "1795"]
[PlyCount "81"]
[EventDate "2002.11.??"]
[EventType "swiss"]
[EventRounds "7"]
[EventCountry "BRA"]
[SourceTitle "EXT 2006"]
[Source "ChessBase"]
[SourceDate "2005.11.24"]
[SourceVersion "1"]
[SourceVersionDate "2005.11.24"]
[SourceQuality "1"]

1. e4 e5 2. Nf3 Nc6 3. d4 exd4 4. Nxd4 Nxd4 5. Qxd4 d6 6. Nc3 f5 7. Bc4 Nf6 8. Bg5 Be7 9. 0-0-0 fxe4 10. Nxe4 Bf5 11. Nxf6+ Bxf6 12. Rhe1+ Kd7 13. Bb5+ Kc8 14. Bxf6 Qxf6 15. Qxf6 gxf6 16. Re7 a6 17. Bd3 Bxd3 18. Rxd3 h5 19. Rf7 b6 20. Re3 Kb7 21. Ree7 Rac8 22. Rxf6 Rhe8 23. Rxe8 Rxe8 24. Kd2 Kc6 25. h4 Kd5 26. Rf5+ Re5 27. Rxe5+ Kxe5 28. Ke3 Kf5 29. f3 c6 30. g3 a5 31. Kd4 b5 32. b3 Kg6 33. Ke4 Kf6 34. g4 Kg6 35. Kf4 hxg4 36. fxg4 Kf6 37. c3 d5 38. a3 c5 39. h5 c4 40. bxc4 bxc4 41. Ke3 1-0

[Event "Catarinense-ch 28th"]
[Site "Balneario Camboriu"]
[Date "2002.11.28"]
[Round "6"]
[White "Miranda, Luis"]
[Black "Fontana, Rodrigo Dal Bosco"]
[Result "0-1"]
[WhiteElo "1800"]
[BlackElo "2135"]
[PlyCount "68"]
[EventDate "2002.11.??"]
[EventType "swiss"]
[EventRounds "7"]
[EventCountry "BRA"]
[SourceTitle "EXT 2006"]
[Source "ChessBase"]
[SourceDate "2005.11.24"]
[SourceVersion "1"]
[SourceVersionDate "2005.11.24"]
[SourceQuality "1"]

1. e4 e5 2. Nf3 Nc6 3. d4 exd4 4. Nxd4 Nf6 5. Nxc6 bxc6 6. e5 Qe7 7. Qe2 Nd5 8. c4 Ba6 9. Nd2 Nb6 10. b3 d5 11. exd6 Qxe2+ 12. Bxe2 cxd6 13. 0-0 Be7 14. Bf3 0-0 15. Bxc6 Rac8 16. Bf3 Bf6 17. Rb1 d5 18. Ba3 Rfd8 19. Rfc1 dxc4 20. Nxc4 Nxc4 21. bxc4 Rxc4 22. Rxc4 Bxc4 23. Rb7 Bd4 24. Be7 Rc8 25. a3 Bd5 26. Rb1 Bxf3 27. gxf3 f5 28. Bd6 Rc2 29. Rf1 Kf7 30. f4 Ke6 31. Bb4 Kd5 32. Kg2 Ra2 33. Kg3 a5 34. Bxa5 Rxa3+ 0-1